Culture Générale - Série 369 - Statistiques

Statistiques générales
  • Ce quiz a été pris 321 fois
  • Le résultat moyen est 7 sur 10
Statistiques - réponses
Question Réponse % Correct
Chez l'enfant, les premières dents destinées à tomber vers l'âge de 6 ans s'appellent les dents de... Lait
97%
Quel est le nom du doigt de la main qui porte traditionnellement l'anneau de mariage ? L'annulaire
96%
Quelle chanteuse française a remporté le Concours Eurovision de la Chanson avec le titre "Poupée de cire, poupée de son" ? France Gall
86%
Qui était la mère du Prince Albert II de Monaco ? Grace Kelly
79%
Quel joueur de basket est surnommé "TiPi" ? Tony Parker
74%
Quel rockeur français est surnommé "Schmoll" ? Eddy Mitchell
63%
Quel était le prénom de Laurel,qui formait avec Hardy un duo comique ? Stan
58%
De quel pays Hamlet est-il le prince, dans la célèbre pièce de William Shakespeare ? Le Danemark
56%
Quel était le prénom de Hardy, qui formait avec Laurel un duo comique ? Oliver
47%
Quel était le vrai prénom de Serge Gainsbourg ? Lucien
28%
Aucun quiz correspondant
Distribution des résultats
% des personnes avec chaque résultat
Percentile par nombre de réponses
Votre historique - résultats
Vous n’avez pas pris ce quiz